PICKLES, CHUTNEYS, SOUPS, SALADS AND SAUCES (Record no. 5881)
[ view plain ]
| 000 -LEADER | |
|---|---|
| fixed length control field | 00395nam a22001457a 4500 |
| 020 ## - INTERNATIONAL STANDARD BOOK NUMBER | |
| ISBN | 81-7564-100-2 |
| 082 ## - DEWEY DECIMAL CLASSIFICATION NUMBER | |
| Classification number | 641.5 |
| Item number | SAN/P |
| 100 ## - MAIN ENTRY--AUTHOR NAME | |
| Personal name | SANGEETA |
| 245 ## - TITLE STATEMENT | |
| Title | PICKLES, CHUTNEYS, SOUPS, SALADS AND SAUCES |
| 260 ## - PUBLICATION, DISTRIBUTION, ETC. (IMPRINT) | |
| Place of publication | DELHI |
| Name of publisher | SAHNI PUBLICATIONS |
| Year of publication | 2003 |
| 300 ## - PHYSICAL DESCRIPTION | |
| Number of Pages | 168 |
| 520 ## - SUMMARY, ETC. | |
| Summary, etc | A UNIQUE BOOK FOR DAILY USE FROM BREAKFAST TO DINNER |
| 650 ## - SUBJECT ADDED ENTRY--TOPICAL TERM | |
| Topical Term | FOOD AND NUTRITION |
| Geographic subdivision | INDIA |
| 942 ## - ADDED ENTRY ELEMENTS (KOHA) | |
| Koha item type | Books |
| Withdrawn status | Lost status | Collection code | Home library | Current library | Shelving location | Date acquired | Source of acquisition | Cost, normal purchase price | Full call number | Accession Number | Koha item type |
|---|---|---|---|---|---|---|---|---|---|---|---|
| Reference | Main Library | Main Library | SHELF 15G- FASHION,COOKING | 30/01/2019 | purchase | 30.00 | 641.5 SAN/P | 10870 | Books |